00697nam a2200217Ia 4500003000900000008004100009020002200050040001600072080001300088100003300101245006100134250001400195260003800209300001400247650001400261650001600275700003800291942000700329999001700336952012600353IN-BaIIA211028s9999 xx 000 0 eng d a978-0-074-60315-4 cIIA Library a531bRAN aRana, Narayan Chandra917596 0aClassical mechanicscNarayan Chandra Rana and P. S. Joag a32nd rep. aNew DelhibTata McGraw-Hillc2012 aXX, 607p. aMechanics aPhysics973 aJoag, Pramod Sharadchandra935513 cBK c18483d18483 00104070aBANbBANcGENd2013-01-11eINT g450.00l0o531/ RANp19405r2021-11-05v450.00w2013-01-11yBKGRs. 450.00